Atributos y símbolos en el arte profano: diccionario de un lenguaje perdido
Saved in:
| Hovedforfatter: | |
|---|---|
| Format: | Bog |
| Sprog: | spansk |
| Udgivet: |
Barcelona
Ediciones del Serbal
2002
|
| Udgivelse: | 1a. ed |
| Serier: | Cultura Artística, 20
|
| Fag: | |
| Tags: |
Tilføj Tag
Ingen Tags, Vær først til at tagge denne postø!
|
MARC
| LEADER | 00000cam a2200000 a 4500 | ||
|---|---|---|---|
| 001 | UCD5448 | ||
| 003 | CL-VaPUC | ||
| 008 | 160908e20020000sp |||||||||||||||||spa|d | ||
| 020 | |a 8476284047 | ||
| 082 | 0 | 4 | |a 704.946 |b TER |2 21 |
| 100 | 0 | |a Tervarent, Guy de |e author |9 589187 | |
| 245 | 1 | 0 | |a Atributos y símbolos en el arte profano: diccionario de un lenguaje perdido |
| 250 | |a 1a. ed | ||
| 300 | |a 549 p | ||
| 942 | |c BK | ||
| 945 | |d 20160908 17:08:00 |a dcastane | ||
| 260 | |a Barcelona |b Ediciones del Serbal |c 2002 | ||
| 650 | 0 | |a Simbolismo en el arte |9 265074 | |
| 650 | 0 | |a Arte universal |9 536266 | |
| 650 | 0 | |a Simbolismo |9 267046 | |
| 583 | |a last modification |c 20160908 17:08:00 |k Rodrigo Vera | ||
| 490 | 0 | |a Cultura Artística, 20 | |
| 999 | |c 366110 |d 366108 | ||
| 952 | |0 0 |1 0 |3 erb |4 0 |6 704_946000000000000_TER_2002 |7 0 |8 A |9 480139 |a BIBART |b BIBART |i 5340640 |l 2 |o 704.946 TER 2002 |p 5340640 |r 2025-04-23 |s 2025-04-22 |w 2019-11-24 |y BK |z Catalogado en:20160908 |k ART | ||